000 00742nam a2200241Ia 4500
003 OSt
005 20220923222510.0
006 a|||||r|||| 00| 0
007 ta
008 220922b |||||||| |||| 00| 0 hin d
024 _a205,447
037 _cTextual
040 _aARTS
_cARTS
_bhin
041 _2hin
_ahin
082 _aPxN23w, 152M2
100 _aतिवारी, भोलानाथ
_9156271
245 0 _aपर हार नहीं मानी
246 _aPar hār nahīan mānī
260 _aदिल्ली
_b प्रभा प्रका0
_c1982
300 _a162पृ.
_ccm.
942 _hPxN23w, 152M2
_cTEXL
_2CC
999 _c356129
_d356129